English in electrical engineering

This book introduction and explain the purpose of electrical symbols and drawings, list three main categories of electrical symbols and drawing, indentify and draw from memory some common electrical symbols

Na minha lista:
Detalhes bibliográficos
Formato: Livro
Idioma:Undetermined
Publicado em: Cantho Cantho university 2005
Assuntos:
Tags: Adicionar Tag
Sem tags, seja o primeiro a adicionar uma tag!
Thư viện lưu trữ: Trung tâm Học liệu Trường Đại học Cần Thơ
LEADER 00755nam a2200193Ia 4500
001 CTU_153405
008 210402s9999 xx 000 0 und d
082 |a 428.24 
082 |b E58 
245 0 |a English in electrical engineering 
245 0 |c Collecter Van Dung Nguyen 
260 |a Cantho 
260 |b Cantho university 
260 |c 2005 
520 |a This book introduction and explain the purpose of electrical symbols and drawings, list three main categories of electrical symbols and drawing, indentify and draw from memory some common electrical symbols 
650 |a English language,Tiếng anh 
650 |x Electrical engineering,Công nghệ điện 
904 |i Năm 
980 |a Trung tâm Học liệu Trường Đại học Cần Thơ